| 000 | 00518nam a22001337a 4500 | ||
|---|---|---|---|
| 999 |
_c527533 _d527533 |
||
| 008 | 240903b ||||| |||| 00| 0 eng d | ||
| 100 |
_aBorah, P.K., Tripathi, V. and Koch, M. _957786 |
||
| 245 | _aWash (water, sanitation and Hygiene) in schools’ in Indian and SDG target 4.a: An analysis of the localizing process | ||
| 260 | _aMadhya Pradesh Journal of Social Sciences | ||
| 300 | _a28(1), Jun, 2023: p.45-62 | ||
| 773 | _aMadhya Pradesh Journal of Social Sciences | ||
| 906 | _aEDUCATION | ||
| 942 | _cAR | ||